Statistics for Helen Mirren Filmography

Click here to take the quiz!

General Stats

  • This quiz has been taken 22 times
    (2 since last reset)
  • The average score is 22 of 196

Answer Stats

TypeYearName% Correct
Film2001No Such Thing
100%
Film1984Cal
100%
Film2006The Queen
100%
Film1979Caligula
100%
Film2013Monsters University
100%
TV Film2013Phil Spector
50%
Theater1974-1975Macbeth
50%
Film2009State of Play
50%
Film2015Woman in Gold
50%
Film2004Raising Helen
50%
TV Mini-Series1991Prime Suspect
50%
Film2014The Hundred-Foot Journey
50%
Film1976Hamlet
50%
Theater2013, 2015The Audience
50%
Film1998The Prince of Egypt
50%
Film2013RED 2
50%
Film2017The Fate of the Furious
50%
Film2012Hitchcock
50%
Film2011Arthur
50%
TV Show2010, 2011Saturday Night Live
50%
Film2010RED
50%
TV Film1981A Midsummer Night's Dream
50%
Film2007National Treasure: Book of Secrets
50%
Film1986The Mosquito Coast
50%
Film2016Collateral Beauty
50%
Film2015Eye in the Sky
50%
Film2017The Leisure Seeker
50%
Film2019Hobbs & Shaw
50%
Film1968A Midsummer Night's Dream
50%
Film2003Calendar Girls
50%
Film1969Age of Consent
50%
Theater1970Hamlet
50%
Film2001Gosford Park
50%
Theater1968-1969Much Ado About Nothing
50%
Film2009The Last Station
50%
Film2018The Nutcracker and the Four Realms
50%
Film1994The Madness of King George
50%
Film2018Winchester
50%
TV Mini-Series2006Prime Suspect 7: The Final Act
0%
TV Mini-Series2005Elizabeth I
0%
Documentary2000Long Night's Journey Into Day
0%
Theater2000Orpheus Descending
0%
Film2000Greenfingers
0%
Theater1999Collected Stories
0%
TV Show1999French and Saunders
0%
Film2005Shadowboxer
0%
Short Film2007Vanity Fair: Killers Kill, Dead Men Die
0%
Film2008Inkheart
0%
Documentary2008Kiran Bedi: Yes Madam, Sir
0%
TV Film1999The Passion of Ayn Rand
0%
TV Show2005Third Watch
0%
Film2004The Clearing
0%
TV Film2003The Roman Spring of Mrs. Stone
0%
TV Film2002Georgetown
0%
Film2005The Hitchhiker's Guide to the Galaxy
0%
Documentary Series2004American Masters
0%
TV Film2004Pride
0%
TV Show2004Frasier
0%
Theater2003Mourning Becomes Electra
0%
Short Film2001Happy Birthday
0%
Film2001Last Orders
0%
TV Mini-Series2003Prime Suspect 6: The Last Witness
0%
TV Film2001On the Edge
0%
Theater2001-2002Dance of Death
0%
TV Film2002Door to Door
0%
Film2001The Pledge
0%
Theater1965Long Day's Journey into Night
0%
Theater2009Phèdre
0%
Film2020The One and Only Ivan
0%
Short Documentary2018Love 99
0%
Film2019Berlin, I Love You
0%
Film2019Anna
0%
Film2019The Good Liar
0%
TV Mini-Series2019Catherine the Great
0%
Theater2019-2020Freestyle Love Supreme
0%
Film2020The Duke
0%
Documentary Mini-Series2017World War One Remembered: Passchendaele
0%
Web Special2020Sarah Cooper: Everything's Fine
0%
Documentary2020Escape from Extinction
0%
Film2021F9: The Fast Saga
0%
Web Series2021Solos
0%
Film2022White Bird: A Wonder Story
0%
Film2023Shazam! Fury of the Gods
0%
TV ShowTBAWhen Nature Calls
0%
Web Mini-Series2017Masterclass: Helen Mirren Teaches Acting
0%
Documentary2017Cries from Syria
0%
Documentary2009The Jazz Baroness
0%
Film1999Teaching Mrs. Tingle
0%
TV Show200930 Rock
0%
Film2010Love Ranch
0%
Film2010The Tempest
0%
Film2010Brighton Rock
0%
Film2010Legend of the Guardians: The Owls of Ga'Hoole
0%
Film2010The Debt
0%
Short Film2011When Harry Met Sally 2 with Billy Crystal and Helen Mirren
0%
TV Show2015-PresentDocumentary Now!
0%
Documentary2011Arabia 3D
0%
Film2012The Door
0%
TV Show2012Glee
0%
TV Documentary2014Enemy of the Reich: The Noor Inayat Khan Story
0%
Documentary Mini-Series2014World War One Remembered
0%
Documentary2015Unity
0%
Film2015Trumbo
0%
TV Documentary2010The Hunt for Britain's Sex Traffickers
0%
Documentary Mini-Series19961914-1918
0%
TV Show1998Tracey Takes On...
0%
Theater1975The Bed Before Yesterday
0%
TV Film1974Miss Julie
0%
TV Film1974Bellamira
0%
TV Show1974, 1975, 1977BBC Play of the Month
0%
TV Film1975Caesar and Claretta
0%
Theater1975Teeth 'n' Smiles
0%
Theater1975The Seagull
0%
TV Show1975Private Affairs
0%
TV Film1975The Philanthropist
0%
TV Show1976Great Performances
0%
Theater1974Measure for Measure
0%
Theater1977, 1978Henry VI
0%
TV Film1978As You Like It
0%
TV Show1978, 1982BBC Television Shakespeare
0%
TV Show1979ITV Playhouse
0%
TV Film1979S.O.S. Titanic
0%
TV Mini-Series1979Oresteia
0%
TV Show1979, 1982Play for Today
0%
Film1980Hussy
0%
Film1980The Fiendish Plot of Dr. Fu Manchu
0%
TV Show1974Thriller
0%
TV Show1973Jackanory
0%
Theater1980, 1981The Duchess of Malfi
0%
Film1970The Syndicate: A Death in the Family
0%
Film1966Press for Time
0%
Film1967Herostratus
0%
Theater1967Charley's Aunt
0%
Theater1967The Revenger's Tragedy
0%
Theater1967All's Well That Ends Well
0%
TV Film1967The Extravaganza of Golgotha Smuts
0%
Theater1968Troilus and Cressida
0%
Theater1969Bartholomew Fair
0%
Theater1970Richard III
0%
Film1973O Lucky Man!
0%
Film1970Red Hot Shot
0%
Theater1970-1971The Two Gentlemen of Verona
0%
Theater1971Enemies
0%
Theater1971The Man of Mode
0%
Theater1971Miss Julie
0%
Theater1971The Balcony
0%
TV Show1971ITV Sunday Night Theatre
0%
TV Mini-Series1971Cousin Bette
0%
Film1972Savage Messiah
0%
Film1980The Long Good Friday
0%
Film1981Excalibur
0%
Film1998Sidoglio Smithee
0%
Theater1995A Month in the Country
0%
TV Mini-Series1992Prime Suspect 2
0%
Film1993The Hawk
0%
TV Show1993The Hidden Room
0%
TV Mini-Series1993Prime Suspect 3
0%
Film1994Prince of Jutland
0%
TV Documentary1994Children of God
0%
TV Short1994Zig & Zag: Entertainment Cops
0%
Film1995The Snow Queen
0%
TV Film1995Prime Suspect: The Lost Child
0%
Theater1991Sex Please, We're Italian
0%
TV Film1995Prime Suspect: Inner Circles
0%
TV Film1995Prime Suspect: The Scent of Darkness
0%
Film1996Some Mother's Son
0%
TV Film1996Losing Chase
0%
TV Mini-Series1996Prime Suspect 5: Errors of Judgement
0%
Theater1965, 1983, 1998Antony and Cleopatra
0%
TV Show1996Reading Rainbow
0%
Film1997Critical Care
0%
TV Film1997Painted Lady
0%
Theater1992Woman in Mind
0%
Film1991Where Angels Fear to Tread
0%
Theater1981Faith Healer
0%
TV Show1987Faerie Tale Theatre
0%
TV Show1981BBC2 Playhouse
0%
TV Film1982Cymbeline
0%
Theater1983The Roaring Girl
0%
Film19842010
0%
Theater1984Extremities
0%
Film1985White Nights
0%
TV Show1985The Twilight Zone
0%
Film1986Heavenly Pursuits
0%
Theater1987Madame Bovary
0%
Film1990The Comfort of Strangers
0%
TV Film1987Cause Célèbre
0%
Documentary1987Invocation: Maya Deren
0%
Film1988Pascali's Island
0%
TV Film1988Coming Through
0%
Film1989When the Whales Came
0%
Film1989The Cook, the Thief, His Wife & Her Lover
0%
TV Film1989Red King, White Knight
0%
Theater1989Two-Way Mirror
0%
Film1990Bethune: The Making of a Hero
0%
DocumentaryTBAMotionless
0%

Score Distribution

Percentile by Number Answered

Percent of People with Each Score

Your Score History

You have not taken this quiz since the last reset